Films avec Keira Knightley par images - Statistiques

Statistiques générales
  • Ce quiz a été pris 12 fois
  • Le résultat moyen est 6 sur 24
Statistiques - réponses
Par images Réponse % Correct
Pirates des Caraïbes : Jusqu'au bout du monde
100%
Orgueil et Préjugés
91%
Love Actually
55%
Imitation Game
45%
Casse-Noisette et les Quatre Royaumes
36%
Anna Karénine
27%
Colette
27%
Domino
27%
Reviens-moi
27%
The Duchess
27%
A Dangerous Method
18%
Auprès de moi toujours
18%
Le Roi Arthur
18%
Last Night
9%
London Boulevard
9%
Soie
9%
The Edge of Love
9%
Cœurs ennemis
0%
Girls Only
0%
L'Étrangleur de Boston
0%
Miss Révolution
0%
New York Melody
0%
Official Secrets
0%
Silent Night
0%
Aucun quiz correspondant
Distribution des résultats
% des personnes avec chaque résultat
Percentile par nombre de réponses
Votre historique - résultats
Vous n’avez pas pris ce quiz